<?xml version="1.0" encoding="UTF-8"?>
<record
    xmlns:xsi="http://www.w3.org/2001/XMLSchema-instance"
    xsi:schemaLocation="http://www.loc.gov/MARC21/slim http://www.loc.gov/standards/marcxml/schema/MARC21slim.xsd"
    xmlns="http://www.loc.gov/MARC21/slim">

  <leader>02442nam a22002537a 4500</leader>
  <controlfield tag="003">Uzh_bibl</controlfield>
  <controlfield tag="008">260511b        |||||||| |||| 00| 0 ukr d</controlfield>
  <datafield tag="020" ind1=" " ind2=" ">
    <subfield code="a">978-966-948-064-4</subfield>
    <subfield code="c">155.00</subfield>
  </datafield>
  <datafield tag="040" ind1=" " ind2=" ">
    <subfield code="b">&#x443;&#x43A;&#x440;.</subfield>
  </datafield>
  <datafield tag="041" ind1=" " ind2=" ">
    <subfield code="2">ukr</subfield>
    <subfield code="a">ukr</subfield>
  </datafield>
  <datafield tag="080" ind1=" " ind2=" ">
    <subfield code="a">821(477)</subfield>
  </datafield>
  <datafield tag="090" ind1=" " ind2=" ">
    <subfield code="a">821(477)</subfield>
    <subfield code="b">&#x41F; 32</subfield>
  </datafield>
  <datafield tag="100" ind1=" " ind2=" ">
    <subfield code="a">&#x41F;&#x456;&#x434;&#x433;&#x456;&#x440;&#x43D;&#x430;,&#x41B;&#x43E;&#x440;&#x430;</subfield>
  </datafield>
  <datafield tag="245" ind1=" " ind2=" ">
    <subfield code="a">&#x41E;&#x43C;&#x431;&#x440;&#x435;.&#x41D;&#x430;&#x434; &#x442;&#x435;&#x43C;&#x440;&#x44F;&#x432;&#x43E;&#x44E; &#x456; &#x441;&#x432;&#x456;&#x442;&#x43B;&#x43E;&#x43C;.</subfield>
    <subfield code="h">&#x422;&#x435;&#x43A;&#x441;&#x442;</subfield>
  </datafield>
  <datafield tag="260" ind1=" " ind2=" ">
    <subfield code="a">&#x41A;&#x438;&#x457;&#x432;</subfield>
    <subfield code="b">&#x412;&#x438;&#x434;&#x430;&#x432;&#x43D;&#x438;&#x447;&#x430; &#x433;&#x440;&#x443;&#x43F;&#x430; &#x41A;&#x41C;-&#x411;&#x423;&#x41A;&#x421;</subfield>
    <subfield code="c">2018</subfield>
  </datafield>
  <datafield tag="300" ind1=" " ind2=" ">
    <subfield code="a">352 &#x441;.</subfield>
    <subfield code="f">&#x412; &#x43E;&#x43F;&#x440;.</subfield>
  </datafield>
  <datafield tag="520" ind1=" " ind2=" ">
    <subfield code="a">&#x41A;&#x430;&#x43C;&#x2019;&#x44F;&#x43D;&#x435;&#x446;&#x44C;-&#x41F;&#x43E;&#x434;&#x456;&#x43B;&#x44C;&#x441;&#x44C;&#x43A;&#x438;&#x439;, &#x423;&#x43A;&#x440;&#x430;&#x457;&#x43D;&#x430;. &#x410;&#x440;&#x445;&#x456;&#x432;&#x43D;&#x438;&#x439; &#x440;&#x435;&#x432;&#x456;&#x437;&#x43E;&#x440; &#x415;&#x434;&#x456;&#x442;&#x430; &#x432;&#x438;&#x43F;&#x430;&#x434;&#x43A;&#x43E;&#x432;&#x43E; &#x437;&#x43D;&#x430;&#x445;&#x43E;&#x434;&#x438;&#x442;&#x44C; &#x432;&#x446;&#x456;&#x43B;&#x456;&#x43B;&#x456; &#x43A;&#x43B;&#x435;&#x439;&#x43D;&#x43E;&#x434;&#x438; &#x43E;&#x440;&#x434;&#x435;&#x43D;&#x443; &#x43B;&#x438;&#x446;&#x430;&#x440;&#x456;&#x432; &#x425;&#x440;&#x430;&#x43C;&#x443;, &#x43E;&#x434;&#x43D;&#x430;&#x43A; &#x43D;&#x430; &#x446;&#x44E; &#x442;&#x435;&#x43C;&#x443; &#x443; &#x43C;&#x456;&#x441;&#x442;&#x456; &#x43D;&#x430;&#x43A;&#x43B;&#x430;&#x434;&#x435;&#x43D;&#x43E; &#x43D;&#x435;&#x43E;&#x444;&#x456;&#x446;&#x456;&#x439;&#x43D;&#x435; &#x442;&#x430;&#x431;&#x443;, &#x430; &#x437;&#x43D;&#x430;&#x445;&#x456;&#x434;&#x43A;&#x430; &#x432;&#x435;&#x434;&#x435; &#x457;&#x457; &#x434;&#x430;&#x43B;&#x456;, &#x434;&#x43E; &#x437;&#x430;&#x433;&#x430;&#x434;&#x43A;&#x43E;&#x432;&#x43E;&#x433;&#x43E; &#x430;&#x440;&#x442;&#x435;&#x444;&#x430;&#x43A;&#x442;&#x443;, &#x44F;&#x43A;&#x438;&#x439; &#x441;&#x432;&#x43E;&#x433;&#x43E; &#x447;&#x430;&#x441;&#x443; &#x442;&#x430;&#x43C;&#x43F;&#x43B;&#x456;&#x454;&#x440;&#x438; &#x43F;&#x440;&#x438;&#x432;&#x435;&#x437;&#x43B;&#x438; &#x43D;&#x430; &#x41F;&#x43E;&#x434;&#x456;&#x43B;&#x43B;&#x44F;. &#x406;&#x437; &#x440;&#x43E;&#x437;&#x433;&#x430;&#x434;&#x43A;&#x43E;&#x44E; &#x442;&#x430;&#x454;&#x43C;&#x43D;&#x438;&#x446;&#x456; &#x415;&#x434;&#x456;&#x442;&#x456; &#x434;&#x43E;&#x43F;&#x43E;&#x43C;&#x430;&#x433;&#x430;&#x454; &#x43A;&#x430;&#x442;&#x43E;&#x43B;&#x438;&#x446;&#x44C;&#x43A;&#x438;&#x439; &#x441;&#x432;&#x44F;&#x449;&#x435;&#x43D;&#x438;&#x43A; &#x43E;&#x442;&#x435;&#x446;&#x44C; &#x41B;&#x44E;&#x43A;.

&#x417;&#x430; &#x43C;&#x456;&#x441;&#x442;&#x438;&#x447;&#x43D;&#x438;&#x43C; &#x430;&#x440;&#x442;&#x435;&#x444;&#x430;&#x43A;&#x442;&#x43E;&#x43C; &#x43F;&#x43E;&#x43B;&#x44E;&#x44E;&#x442;&#x44C; &#x441;&#x43F;&#x435;&#x446;&#x441;&#x43B;&#x443;&#x436;&#x431;&#x438; &#x439; &#x442;&#x430;&#x454;&#x43C;&#x43D;&#x456; &#x442;&#x43E;&#x432;&#x430;&#x440;&#x438;&#x441;&#x442;&#x432;&#x430;. &#x41C;&#x438;&#x43D;&#x443;&#x43B;&#x435; &#x442;&#x430; &#x441;&#x44C;&#x43E;&#x433;&#x43E;&#x434;&#x435;&#x43D;&#x43D;&#x44F; &#x43F;&#x435;&#x440;&#x435;&#x43F;&#x43B;&#x456;&#x442;&#x430;&#x44E;&#x442;&#x44C;&#x441;&#x44F;. &#x41D;&#x438;&#x442;&#x43A;&#x438;, &#x449;&#x43E; &#x43F;&#x43E;&#x432;&#x2019;&#x44F;&#x437;&#x443;&#x432;&#x430;&#x43B;&#x438; &#x456;&#x441;&#x442;&#x43E;&#x440;&#x456;&#x457; &#x456; &#x434;&#x43E;&#x43B;&#x456; &#x431;&#x430;&#x433;&#x430;&#x442;&#x44C;&#x43E;&#x445; &#x43B;&#x44E;&#x434;&#x435;&#x439; &#x443; &#x43C;&#x438;&#x43D;&#x443;&#x43B;&#x43E;&#x43C;&#x443;, &#x43E;&#x434;&#x43D;&#x430; &#x437;&#x430; &#x43E;&#x434;&#x43D;&#x43E;&#x44E; &#x442;&#x44F;&#x433;&#x43D;&#x443;&#x442;&#x44C;&#x441;&#x44F; &#x434;&#x43E; &#x442;&#x438;&#x445;, &#x445;&#x442;&#x43E; &#x43C;&#x435;&#x448;&#x43A;&#x430;&#x454; &#x443; &#x41A;&#x430;&#x43C;&#x2019;&#x44F;&#x43D;&#x446;&#x456;-&#x41F;&#x43E;&#x434;&#x456;&#x43B;&#x44C;&#x441;&#x44C;&#x43A;&#x43E;&#x43C;&#x443; &#x441;&#x44C;&#x43E;&#x433;&#x43E;&#x434;&#x43D;&#x456;. &#x421;&#x442;&#x430;&#x440;&#x43E;&#x432;&#x438;&#x43D;&#x43D;&#x435; &#x43F;&#x456;&#x434;&#x437;&#x435;&#x43C;&#x435;&#x43B;&#x43B;&#x44F; &#x41A;&#x430;&#x43C;&#x2019;&#x44F;&#x43D;&#x435;&#x446;&#x44C;&#x43A;&#x43E;&#x433;&#x43E; &#x437;&#x430;&#x43C;&#x43A;&#x443; &#x43F;&#x435;&#x440;&#x435;&#x442;&#x432;&#x43E;&#x440;&#x44E;&#x454;&#x442;&#x44C;&#x441;&#x44F; &#x43D;&#x430; &#x43F;&#x43E;&#x43B;&#x435; &#x431;&#x438;&#x442;&#x432;&#x438; &#x434;&#x43E;&#x431;&#x440;&#x430; &#x456; &#x437;&#x43B;&#x430;. &#x413;&#x435;&#x440;&#x43E;&#x457; &#x43F;&#x440;&#x43E;&#x445;&#x43E;&#x434;&#x44F;&#x442;&#x44C; &#x432;&#x438;&#x43F;&#x440;&#x43E;&#x431;&#x443;&#x432;&#x430;&#x43D;&#x43D;&#x44F;, &#x430;&#x43B;&#x435; &#x447;&#x438; &#x442;&#x456;, &#x445;&#x442;&#x43E; &#x43D;&#x430;&#x437;&#x438;&#x432;&#x430;&#x454; &#x441;&#x435;&#x431;&#x435; &#x434;&#x440;&#x443;&#x437;&#x44F;&#x43C;&#x438;, &#x454; &#x442;&#x430;&#x43A;&#x438;&#x43C;&#x438; &#x43D;&#x430;&#x441;&#x43F;&#x440;&#x430;&#x432;&#x434;&#x456;? &#x412;&#x456;&#x440;&#x438;&#x442;&#x438; &#x43C;&#x43E;&#x436;&#x43D;&#x430; &#x442;&#x456;&#x43B;&#x44C;&#x43A;&#x438; &#x441;&#x43E;&#x431;&#x456;, &#x431;&#x43E; &#x446;&#x456;&#x43D;&#x43E;&#x44E; &#x43F;&#x43E;&#x448;&#x443;&#x43A;&#x456;&#x432; &#x427;&#x430;&#x448;&#x456; &#x41E;&#x43C;&#x431;&#x440;&#x435; &#x43C;&#x43E;&#x436;&#x435; &#x441;&#x442;&#x430;&#x442;&#x438; &#x432;&#x43B;&#x430;&#x441;&#x43D;&#x435; &#x436;&#x438;&#x442;&#x442;&#x44F;&#x2026;</subfield>
  </datafield>
  <datafield tag="521" ind1=" " ind2=" ">
    <subfield code="a">&#x414;&#x43B;&#x44F; &#x448;&#x438;&#x440;&#x43E;&#x43A;&#x43E;&#x433;&#x43E; &#x43A;&#x43E;&#x43B;&#x430; &#x447;&#x438;&#x442;&#x430;&#x447;&#x456;&#x432;</subfield>
  </datafield>
  <datafield tag="546" ind1=" " ind2=" ">
    <subfield code="a">&#x443;&#x43A;&#x440;.</subfield>
  </datafield>
  <datafield tag="650" ind1=" " ind2=" ">
    <subfield code="a">&#x41B;&#x456;&#x442;&#x435;&#x440;&#x430;&#x442;&#x443;&#x440;&#x43D;&#x43E;-&#x445;&#x443;&#x434;&#x43E;&#x436;&#x43D;&#x454; &#x432;&#x438;&#x434;&#x430;&#x43D;&#x43D;&#x44F;</subfield>
  </datafield>
  <datafield tag="653" ind1=" " ind2=" ">
    <subfield code="a">&#x41B;&#x438;&#x446;&#x430;&#x440;&#x456;</subfield>
    <subfield code="a">&#x41E;&#x440;&#x434;&#x435;&#x43D;</subfield>
    <subfield code="a">&#x417;&#x43D;&#x430;&#x445;&#x456;&#x434;&#x43A;&#x430;</subfield>
    <subfield code="a">&#x422;&#x430;&#x454;&#x43C;&#x43D;&#x438;&#x446;&#x456;</subfield>
    <subfield code="a">&#x41C;&#x456;&#x441;&#x442;&#x438;&#x447;&#x43D;&#x456; &#x430;&#x440;&#x442;&#x435;&#x444;&#x430;&#x43A;&#x442;&#x438;</subfield>
  </datafield>
  <datafield tag="655" ind1=" " ind2=" ">
    <subfield code="a">&#x41F;&#x440;&#x43E;&#x437;&#x430;</subfield>
    <subfield code="v">&#x406;&#x441;&#x442;&#x43E;&#x440;&#x438;&#x447;&#x43D;&#x43E;-&#x430;&#x432;&#x430;&#x43D;&#x442;&#x44E;&#x440;&#x43D;&#x438;&#x439; &#x440;&#x43E;&#x43C;&#x430;&#x43D;</subfield>
    <subfield code="z">&#x423;&#x43A;&#x440;&#x430;&#x457;&#x43D;&#x430;</subfield>
  </datafield>
  <datafield tag="942" ind1=" " ind2=" ">
    <subfield code="2">udc</subfield>
    <subfield code="c">BK</subfield>
  </datafield>
  <datafield tag="999" ind1=" " ind2=" ">
    <subfield code="c">17699</subfield>
    <subfield code="d">17699</subfield>
  </datafield>
  <datafield tag="952" ind1=" " ind2=" ">
    <subfield code="0">0</subfield>
    <subfield code="1">0</subfield>
    <subfield code="2">udc</subfield>
    <subfield code="4">0</subfield>
    <subfield code="7">0</subfield>
    <subfield code="a">F5</subfield>
    <subfield code="b">F5</subfield>
    <subfield code="c">ABP</subfield>
    <subfield code="d">2026-05-11</subfield>
    <subfield code="i">73310</subfield>
    <subfield code="l">0</subfield>
    <subfield code="o">821(477)</subfield>
    <subfield code="p">4239</subfield>
    <subfield code="r">2026-05-11</subfield>
    <subfield code="w">2026-05-11</subfield>
    <subfield code="y">BK</subfield>
  </datafield>
</record>
